000 02060cam a22004934i 4500
003 PE-LiUPU
005 20250731173153.0
008 150623s r 000 0 d
020 _a0853646252
035 _a(Sirsi) i9780853646259
040 _aPE-LiUPU
_bspa
_cPE-LiUPU
_erda
049 _aPRUA
082 0 4 _a234
_bM56
_221
100 1 _aHoekema, Anthony Andrew, 1913 - 1988,
_eautor.
245 1 0 _aSaved by grace /
_cAnthony A. Hoekema.
264 1 _aGrand Rapids, Michigan :
_bEerdmans Publishing Company,
_c1989.
300 _a277 páginas ;
_c23 centímetros
336 _atext
_2rdacontent
337 _aunmediated
_2rdamedia
338 _avolume
_2rdacarrier
500 _aIncluye bibliografía.
505 0 _aOrientation.- The question of the "Order of salvation".- The role of the Holy Spirit.- Union with Christ.- The gospel call.- Effectual calling.- Regeneration.- Conversion.- Repentance.- Faith.- Justification.- Sanctification.- The perseverance of true believers.
526 _aSEG42
526 _aSEG41
526 _aSEG40
526 _aSEG39
526 _aP94
526 _aP87
526 _aP86
526 _aP85
526 _aP77
526 _aP76
526 _aP35
650 0 4 _aSalvación
_xDoctrina Cristiana.
942 _2ddc
_cBOOK
949 _a234 M56
_wDEWEY
_c1
_i37956
_lCCODEBUL1
_mBUL
_p25.00
_r0
_sY
_tBOOK
_u2015-6-24
_xTEOLOGIA
_zUNKNOWN
_0COMPRA
_o.STAFF. Colección General
949 _a234 M56
_wDEWEY
_c2
_i54267
_lCCODEBUL1
_mBUL
_p25.00
_r0
_sY
_tBOOK
_u2015-6-24
_xTEOLOGIA
_zUNKNOWN
_0COMPRA
_o.STAFF. Colección General
994 _aC0
_bPEPRU
596 _a1
999 _a234 M56
_wDEWEY
_c35507
_i37956
_f2021-11-10
_g5
_lCCODEBUL1
_mBUL
_p25.00
_r0
_sY
_tBOOK
_u2015-6-24
_xTEOLOGIA
_zUNKNOWN
_0COMPRA
_o.STAFF. Colección General
_d35507
999 _a234 M56
_wDEWEY
_c2
_i54267
_f2021-11-10
_g5
_lCCODEBUL1
_mBUL
_p25.00
_r0
_sY
_tBOOK
_u2015-6-24
_xTEOLOGIA
_zUNKNOWN
_0COMPRA
_o.STAFF. Colección General
980 _81
_gALBERTO SANCHEZ Responsable de Automatización